A theory of production : Tasks, processes, and technical practices
Αποθηκεύτηκε σε:
| Κύριος συγγραφέας: | |
|---|---|
| Μορφή: | Βιβλίο |
| Γλώσσα: | English |
| Δημοσίευση: |
Oxford :
Clarendon Press,
1993
|
| Θέματα: | |
| Ετικέτες: |
Προσθήκη ετικέτας
Δεν υπάρχουν, Καταχωρήστε ετικέτα πρώτοι!
|
MARC
| LEADER | 00000nam a2200000 i 4500 | ||
|---|---|---|---|
| 001 | 1/40123 | ||
| 008 | 960131s1993 eng d | ||
| 020 | |a 0-19-828373-3 | ||
| 035 | |l 10025171 | ||
| 040 | |a GR-MY-UA |b gre |e aacr | ||
| 041 | 0 | |a eng | |
| 082 | 0 | |a 338.5 SCA | |
| 100 | 1 | |a Scazzieri, Roberto. | |
| 245 | 1 | 2 | |a A theory of production : |b Tasks, processes, and technical practices / |c Roberto Scazzieri |
| 260 | |a Oxford : |b Clarendon Press, |c 1993 | ||
| 300 | |a 308 p. | ||
| 500 | |a Includes bibliographical references and indexes | ||
| 650 | 0 | 0 | |a Production (Economic theory) |
| 852 | |a INST |b CHIOS |e 19960131 |h 338.5 SCA |p 005200001712 |q 005200001712 |t BK |y 4 |x 20120518 | ||
| 909 | |a Χ |b 040293 | ||